[Event "34. Kieler Open 2022"]
[Site "Kiel"]
[Date "2022.07.31"]
[Round "4.8"]
[White "Popvasilev, Kaloyan"]
[Black "Fuhrmann, Ake"]
[Result "1-0"]
[WhiteElo "2208"]
[BlackElo "1942"]
[PlyCount "61"]
[EventDate "2022.07.??"]
[EventType "swiss"]
[EventRounds "9"]
[EventCountry "GER"]

1. e4 c5 2. Nc3 Nc6 3. Nge2 g6 4. g3 Bg7 5. Bg2 e5 6. O-O Nge7 7. d3 O-O 8. Be3
d6 9. Qd2 Nd4 10. f4 exf4 11. Nxf4 Rb8 12. Nfd5 Nec6 13. Bh6 Bxh6 14. Qxh6 f5
15. exf5 Nxf5 16. Qf4 Kg7 17. Rae1 Ncd4 18. g4 Ne6 19. Rxe6 Bxe6 20. gxf5 Rxf5
21. Qe3 Rxf1+ 22. Bxf1 Qg8 23. Bg2 Re8 24. Qf3 Rf8 25. Qg3 Qf7 26. Ne3 Qf6 27.
Ne4 Qd4 28. c3 Qa4 29. Qxd6 Qxa2 30. Qe5+ Kg8 31. Nf6+ 1-0

[Event "34. Kieler Open 2022"]
[Site "Kiel"]
[Date "2022.07.31"]
[Round "4.9"]
[White "Peglau, Dora"]
[Black "Petrashov, Alexander"]
[Result "1/2-1/2"]
[WhiteElo "1920"]
[BlackElo "2029"]
[PlyCount "67"]
[EventDate "2022.07.??"]
[EventType "swiss"]
[EventRounds "9"]
[EventCountry "GER"]

1. d4 e6 2. c4 d5 3. Nc3 c6 4. cxd5 exd5 5. Nf3 Bd6 6. Bg5 Ne7 7. e3 Bf5 8. Bd3
f6 9. Bh4 O-O 10. O-O Nd7 11. Bg3 Qb8 12. b4 a6 13. a4 Bxd3 14. Qxd3 f5 15.
Bxd6 Qxd6 16. b5 axb5 17. axb5 Nb6 18. bxc6 bxc6 19. Rfb1 Nc4 20. Nd2 Nxd2 21.
Qxd2 Rxa1 22. Rxa1 f4 23. exf4 Rxf4 24. Ra8+ Rf8 25. Rxf8+ Kxf8 26. g3 Ke8 27.
Na4 Qf6 28. Nc5 Nf5 29. Nb3 g5 30. f4 h6 31. Qe2+ Kf7 32. Qe5 gxf4 33. Qxf4 Kg6
34. g4 1/2-1/2

[Event "34. Kieler Open 2022"]
[Site "Kiel"]
[Date "2022.07.31"]
[Round "4.10"]
[White "Hentrop, Malte"]
[Black "Basey, Matthew"]
[Result "0-1"]
[WhiteElo "1789"]
[BlackElo "1991"]
[PlyCount "54"]
[EventDate "2022.07.??"]
[EventType "swiss"]
[EventRounds "9"]
[EventCountry "GER"]

1. d4 Nf6 2. c4 g6 3. Nc3 Bg7 4. e4 d6 5. Nf3 O-O 6. Be2 e5 7. d5 a5 8. O-O Na6
9. Ne1 Nc5 10. Qc2 h6 11. Be3 Nh7 12. Nd3 Nxd3 13. Bxd3 f5 14. f3 f4 15. Bf2 g5
16. c5 g4 17. cxd6 cxd6 18. fxg4 Qg5 19. Be2 Bxg4 20. Bxg4 Qxg4 21. Bb6 Ng5 22.
Kh1 Rf6 23. Qe2 Qxe2 24. Nxe2 Nxe4 25. Rac1 Rf7 26. Rc2 Nf6 27. Bc7 Nxd5 0-1

[Event "34. Kieler Open 2022"]
[Site "Kiel"]
[Date "2022.07.31"]
[Round "4.11"]
[White "Sickmann, Lisa"]
[Black "Ghadimi, Mohammed Reza"]
[Result "1/2-1/2"]
[WhiteElo "1672"]
[BlackElo "2147"]
[PlyCount "101"]
[EventDate "2022.??.??"]

1. e4 c5 2. Nf3 e6 3. c3 Nf6 4. Bd3 Qc7 5. Bc2 c4 6. O-O d6 7. d4 cxd3 8. Qxd3
Nbd7 9. Re1 Be7 10. Nbd2 Ne5 11. Nxe5 dxe5 12. Qg3 O-O 13. Nf3 Nd7 14. Bh6 Bf6
15. Bg5 Bxg5 16. Qxg5 f6 17. Qe3 b6 18. Rad1 Ba6 19. Rd2 Rfd8 20. Red1 Nf8 21.
Bd3 Bxd3 22. Rxd3 Kf7 23. Ne1 Rd7 24. f3 Rad8 25. Rxd7+ Rxd7 26. Rd3 Rxd3 27.
Qxd3 Qc5+ 28. Kf1 Ke7 29. Nc2 Nd7 30. Ne3 b5 31. Ke2 Qb6 32. b4 Qa6 33. Qc2 Nb6
34. Kf2 Qa3 35. Qd2 Qa6 36. h4 Qc8 37. Qd3 Qc6 38. g4 Na4 39. c4 Nb2 40. Qa3
Nxc4 41. Qxa7+ Kf8 42. Qb8+ Kf7 43. Qa7+ Kf8 44. Nxc4 Qxc4 45. a3 Qd4+ 46. Qxd4
exd4 47. Ke2 e5 48. Kd3 Kf7 49. Kc2 Ke6 50. Kb3 Kd6 51. Kc2 1/2-1/2

[Event "34. Kieler Open 2022"]
[Site "Kiel"]
[Date "2022.07.31"]
[Round "4.12"]
[White "Nahnsen, Kenneth"]
[Black "Doll, Rebecca"]
[Result "1-0"]
[WhiteElo "1972"]
[BlackElo "1933"]
[PlyCount "103"]
[EventDate "2022.??.??"]

1. d4 d5 2. Nc3 Nf6 3. Bf4 e6 4. e3 a6 5. g4 Bb4 6. Bg2 {(=)} b5 7. g5 Ne4 8.
Bxe4 dxe4 9. Nge2 Bb7 10. a3 Be7 11. Rg1 b4 12. Nb1 Nd7 13. axb4 Bxb4+ 14. c3
Be7 15. Nd2 h6 16. gxh6 g5 17. Bg3 Rxh6 18. Nc1 Nf6 19. Ncb3 Rb8 20. Na5 Bd5
21. Qa4+ Qd7 22. Nac4 Ra8 23. Bxc7 Bc6 24. Qa5 Ra7 25. Bg3 Nd5 26. Ne5 Qc8 27.
Nxc6 Qxc6 28. Qa4 Qxa4 29. Rxa4 f5 30. Be5 Nb6 31. Ra2 Nd5 32. Ke2 Bf6 33. Bxf6
Nxf6 34. Rxg5 Rxh2 35. Nf1 Rh1 36. Rg2 Ng4 37. Ng3 Rb1 38. Nxe4 Ke7 39. Nc5 a5
40. f3 Nh6 41. Rg6 Rh1 42. Rxe6+ Kf7 43. Rb6 Rh2+ 44. Kd3 Rh3 45. b4 Re7 46.
bxa5 Rxf3 47. Rxh6 Rexe3+ 48. Kc4 Kg7 49. Rb6 Rxc3+ 50. Kd5 Kf7 51. a6 Ra3 52.
Rbb2 1-0

[Event "34. Kieler Open 2022"]
[Site "Kiel"]
[Date "2022.07.31"]
[Round "4.13"]
[White "Akhmatovski, Maxim"]
[Black "Browning, Alex"]
[Result "0-1"]
[WhiteElo "1842"]
[BlackElo "2294"]
[PlyCount "66"]
[EventDate "2022.??.??"]

1. c4 g6 2. g3 Bg7 3. Bg2 c5 4. Nc3 Nc6 5. d3 d6 6. h4 h5 7. Nh3 e6 8. Rb1 Nge7
9. a3 O-O 10. Bg5 a5 11. e4 Nd4 12. g4 hxg4 13. Qxg4 d5 14. h5 f6 15. Bd2 dxe4
16. dxe4 e5 17. Qg3 Be6 18. Nd5 gxh5 19. f4 Nxd5 20. cxd5 Bg4 21. Nf2 exf4 22.
Qxf4 f5 23. Nxg4 fxg4 24. Qh2 Qf6 25. Kd1 Qf2 26. Qxh5 Qe2+ 27. Kc1 Qc4+ 28.
Bc3 Nb3+ 29. Kd1 Qd3+ 30. Ke1 Qxb1+ 31. Ke2 Qc2+ 32. Ke3 Bd4+ 33. Bxd4 cxd4#
0-1

[Event "34. Kieler Open 2022"]
[Site "Kiel"]
[Date "2022.07.31"]
[Round "4.14"]
[White "Ehrig, Leon Chris"]
[Black "Weihrauch, Jakob"]
[Result "1-0"]
[WhiteElo "1832"]
[BlackElo "2183"]
[PlyCount "69"]
[EventDate "2022.??.??"]

1. e4 c5 2. Nf3 d6 3. d4 cxd4 4. Nxd4 Nf6 5. Nc3 a6 6. Rg1 e5 7. Nb3 h5 8. h3
b5 9. Be3 Be6 10. Be2 Nbd7 11. g4 hxg4 12. hxg4 Rc8 13. g5 Rxc3 14. bxc3 Nxe4
15. Qd3 d5 16. Bf3 f5 17. gxf6 Ndxf6 18. Bxe4 Nxe4 19. a4 Qc8 20. axb5 axb5 21.
Qxb5+ Kf7 22. Ra7+ Kg8 {(=)} 23. Qb7 Qxb7 24. Rxb7 Rh3 25. Rc7 Nxc3 26. Bc5 d4
27. Bxf8 Kxf8 28. Nc5 Bg4 29. f3 Nd5 30. Ra7 Bf5 31. Rgxg7 Ne3 {(=)} 32. Rgb7
Rh1+ 33. Kf2 Rf1+ 34. Kg3 Bc8 35. Ne6+ 1-0

[Event "34. Kieler Open 2022"]
[Site "Kiel"]
[Date "2022.07.31"]
[Round "4.15"]
[White "Rieper, Julian"]
[Black "Guetschow, Christian"]
[Result "1-0"]
[WhiteElo "2132"]
[BlackElo "1791"]
[PlyCount "31"]
[EventDate "2022.??.??"]

1. e4 e6 2. d4 d5 3. Nc3 Nf6 4. Bg5 Be7 5. e5 Nfd7 6. h4 h6 7. Be3 c5 8. Qg4
cxd4 9. Qxg7 Rf8 10. Bxd4 Nc6 11. Nf3 Nxd4 12. Nxd4 Qb6 13. O-O-O Bb4 14. Rh3
a6 15. f4 Nc5 16. Nf5 1-0

[Event "34. Kieler Open 2022"]
[Site "Kiel"]
[Date "2022.07.31"]
[Round "4.16"]
[White "Saglam, Buelent"]
[Black "Burbach, Brunel Baron"]
[Result "1-0"]
[WhiteElo "2120"]
[BlackElo "1820"]
[PlyCount "59"]
[EventDate "2022.??.??"]

1. e4 c5 2. Nf3 e6 3. d4 cxd4 4. Nxd4 Nf6 5. Nc3 Nc6 6. Ndb5 Bc5 7. Bf4 e5 8.
Be3 d6 9. Bxc5 dxc5 10. Qxd8+ Kxd8 11. O-O-O+ Nd4 12. Nd6 Ke7 13. Nc4 Nc6 14.
Nd5+ Nxd5 15. exd5 b5 16. dxc6 bxc4 17. Bxc4 Be6 18. Ba6 Rhd8 19. Bb7 Rab8 20.
Rhe1 f6 21. f4 Rxd1+ 22. Rxd1 e4 23. h4 a5 24. c3 h6 25. b4 cxb4 26. cxb4 Bc8
27. Bxc8 Rxc8 28. Rd7+ Ke6 29. b5 g5 30. g3 1-0

[Event "34. Kieler Open 2022"]
[Site "Kiel"]
[Date "2022.07.31"]
[Round "4.17"]
[White "Callsen, Niklas"]
[Black "Peglau, Sarah"]
[Result "0-1"]
[WhiteElo "2107"]
[BlackElo "1782"]
[PlyCount "68"]
[EventDate "2022.??.??"]

1. e4 c6 2. d4 d5 3. e5 Bf5 4. h4 Qc7 5. c4 e6 6. Nc3 h6 7. Bd3 Bxd3 8. Qxd3
dxc4 9. Qxc4 Na6 10. Bd2 O-O-O 11. Ne4 c5 12. Rc1 Rxd4 13. Qxd4 cxd4 14. Rxc7+
Kxc7 15. Ke2 f5 16. exf6 Nxf6 17. Kd3 e5 18. f4 Nxe4 19. Kxe4 exf4 20. Bxf4+
Bd6 21. Nh3 Re8+ 22. Kxd4 Re2 23. Rc1+ Kd7 24. Rd1 Rxg2 25. h5 Bxf4 26. Nxf4
Rg5 27. b4 Kc6 28. a3 Nc7 29. a4 b5 30. a5 Ne6+ 31. Ke3 Nxf4 32. Rc1+ Kd6 33.
Kxf4 Rxh5 34. Rd1+ Rd5 0-1

[Event "34. Kieler Open 2022"]
[Site "Kiel"]
[Date "2022.07.31"]
[Round "4.18"]
[White "Dittrich, Gunnar"]
[Black "Schubert, Christian"]
[Result "1-0"]
[WhiteElo "1994"]
[BlackElo "1764"]
[PlyCount "37"]
[EventDate "2022.??.??"]

1. e4 d6 2. Bc4 Nf6 3. d3 e5 4. Nc3 c6 5. f4 Bg4 6. Nf3 Nbd7 7. h3 Bxf3 8. Qxf3
b5 9. Bb3 Nc5 10. fxe5 Nxb3 11. axb3 dxe5 12. Be3 Qc7 13. d4 Bd6 14. O-O exd4
15. Bxd4 Bh2+ 16. Kh1 Be5 17. Bc5 a5 18. Qf5 Qd7 19. Qxe5+ 1-0

[Event "34. Kieler Open 2022"]
[Site "Kiel"]
[Date "2022.07.31"]
[Round "4.19"]
[White "Fuhrmann, Bahne"]
[Black "Steiner, Peter Markus"]
[Result "1-0"]
[WhiteElo "1973"]
[BlackElo "1690"]
[PlyCount "69"]
[EventDate "2022.??.??"]

1. d4 d5 2. c4 c6 3. Nf3 Nf6 4. g3 dxc4 5. Bg2 Bf5 6. O-O e6 7. Ne5 Nbd7 8.
Nxc4 Be7 9. Nc3 O-O 10. e4 Bg6 11. Be3 Nb6 12. Qe2 Nxc4 13. Qxc4 Rc8 14. a4 Qa5
15. Rfd1 Rfd8 16. Rac1 a6 17. Bd2 Qb6 18. Be1 Bb4 19. a5 Qxa5 20. Ra1 Qb6 21.
Na4 Qb5 22. Qxb4 Qxb4 23. Bxb4 Nxe4 24. Bxe4 Bxe4 25. Be7 Re8 26. Nb6 Rxe7 27.
Nxc8 Rd7 28. Nb6 Rd8 29. Na4 Bc2 30. Rd2 Bxa4 31. Rxa4 Rd5 32. Kf1 Kf8 33. Ke2
Ke7 34. Ke3 Rb5 35. b4 1-0

[Event "34. Kieler Open 2022"]
[Site "Kiel"]
[Date "2022.07.31"]
[Round "4.20"]
[White "Malinowsky, Levi"]
[Black "Helms, Finn"]
[Result "0-1"]
[WhiteElo "1814"]
[BlackElo "1973"]
[PlyCount "74"]
[EventDate "2022.??.??"]

1. e4 c6 2. Nc3 d5 3. Nf3 dxe4 4. Nxe4 Nf6 5. Qe2 Nxe4 6. Qxe4 Nd7 7. Bc4 Nf6
8. Ne5 e6 9. Qe2 b5 10. Bd3 Bb7 11. O-O Bd6 12. b3 O-O 13. Bb2 Qc7 14. h3 Nd5
15. Rae1 f6 16. Nf3 Nf4 17. Qe3 Rae8 18. c4 b4 19. Nd4 Bc5 20. Qg3 Rd8 21. Re4
e5 22. Rxf4 exf4 23. Qh4 g5 24. Qg4 Bxd4 25. Bxd4 Rxd4 26. Bf5 c5 27. Re1 f3
28. Be6+ Kh8 29. Qf5 fxg2 30. Bd5 Bxd5 31. cxd5 Qf4 32. Qc2 Rxd2 33. Qxc5 Rd8
34. Qxa7 R2xd5 35. Re7 Qf5 36. Qc7 Rd1+ 37. Kxg2 Qd5+ 0-1

[Event "34. Kieler Open 2022"]
[Site "Kiel"]
[Date "2022.07.31"]
[Round "4.21"]
[White "Browning, Rebecca"]
[Black "Koch, Ralf-Johannes"]
[Result "1-0"]
[WhiteElo "1938"]
[BlackElo "1736"]
[PlyCount "165"]
[EventDate "2022.??.??"]

1. e4 g6 2. d4 Bg7 3. Nf3 d6 4. Nc3 c6 5. Be2 Nf6 6. Bf4 Bg4 7. h3 Bxf3 8. Bxf3
O-O 9. O-O Nbd7 10. d5 a5 11. Rb1 Ne8 12. Na4 Ne5 13. Be2 Qc7 14. Be3 c5 15. c4
Rb8 16. Qc2 e6 17. Rfd1 exd5 18. Rxd5 Nc6 19. a3 Nd4 20. Bxd4 Bxd4 21. Nc3 Qe7
22. Rxd4 cxd4 23. Nb5 Nf6 24. f3 Nh5 25. Qd2 Qe5 26. Nxd4 Qg3 27. Qe1 Qxe1+ 28.
Rxe1 Nf4 29. Nb5 Rbd8 30. Bd1 Rfe8 31. Kf1 f5 32. Bc2 fxe4 33. Bxe4 Kg7 34. Rd1
Re7 35. h4 Red7 36. b4 axb4 37. axb4 d5 38. cxd5 Nxd5 39. Rb1 Nf6 40. Bc2 Rd2
41. Bb3 Nh5 42. Nc7 Kf6 43. Ne6 Ng3+ 44. Kg1 Re8 45. Kh2 Nh5 46. Nc5 Kg7 47.
Ne4 Rd7 48. Ba4 Rxe4 49. fxe4 Rd4 50. Bc2 Rd2 51. Bd1 Nf6 52. Bf3 Rd4 53. e5
Nd5 54. Bxd5 Rxd5 55. Rc1 Rd7 56. Kg3 Kf7 57. Rc4 Ke6 58. Kf4 h6 59. g3 Kd5 60.
Rc5+ Ke6 61. Ke4 Rd1 62. Rb5 Re1+ 63. Kf4 Rf1+ 64. Kg4 Re1 65. Rxb7 Re4+ 66.
Kf3 Rxe5 67. b5 Rf5+ 68. Ke4 Re5+ 69. Kd4 Re1 70. Rh7 h5 71. b6 Kf5 72. b7 Rb1
73. Kc5 Kg4 74. Rg7 Kxg3 75. Rxg6+ Kxh4 76. Rb6 Rc1+ 77. Kd4 Rd1+ 78. Ke3 Rd8
79. b8=Q Rxb8 80. Rxb8 Kh3 81. Kf2 h4 82. Kg1 Kg3 83. Rb3+ 1-0

[Event "34. Kieler Open 2022"]
[Site "Kiel"]
[Date "2022.07.31"]
[Round "4.22"]
[White "Riechenberg, Maximilian"]
[Black "Zimmermann, Manfred"]
[Result "0-1"]
[WhiteElo "1771"]
[BlackElo "1933"]
[PlyCount "90"]
[EventDate "2022.??.??"]

1. e4 c5 2. c4 Nc6 3. Nc3 g6 4. g3 Bg7 5. Bg2 e6 6. Nge2 Nge7 7. d3 d6 8. Be3
Nd4 9. O-O O-O 10. Qd2 Nec6 11. Bh6 a6 12. Bxg7 Kxg7 13. Nxd4 cxd4 14. Ne2 e5
15. f4 f6 16. Rac1 Bd7 17. a3 Rc8 18. b4 Na7 19. Qa2 b5 20. cxb5 Bxb5 21. Rxc8
Nxc8 22. Qb3 Nb6 23. Bh3 Rf7 24. Rc1 Rc7 25. Kf2 Rxc1 26. Nxc1 Qc7 27. Ne2 Ba4
28. Qa2 Bb5 29. Qb3 Na4 30. Be6 Nc3 31. Nxc3 dxc3 32. Bc4 Qb6+ 33. Ke2 Qd4 34.
a4 Bd7 35. f5 gxf5 36. Bg8 d5 37. Bxd5 fxe4 38. Bxe4 Bg4+ 39. Kf1 Bh3+ 40. Ke2
Bg4+ 41. Kf1 f5 42. Qe6 Bh3+ 43. Ke2 fxe4 44. Qxh3 exd3+ 45. Ke1 Qg1+ 0-1

[Event "34. Kieler Open 2022"]
[Site "Kiel"]
[Date "2022.07.31"]
[Round "4.23"]
[White "Rohmann, Volker"]
[Black "Hufendiek, Ekkehard"]
[Result "0-1"]
[WhiteElo "1746"]
[BlackElo "1929"]
[PlyCount "65"]
[EventDate "2022.??.??"]

1. d4 Nf6 2. Nf3 g6 3. c4 Bg7 4. Nc3 O-O 5. e4 d6 6. Be2 e5 7. O-O exd4 8. Nxd4
Re8 9. f3 Nbd7 10. Be3 a5 11. Qd2 a4 12. Ndb5 b6 13. Rfd1 Nc5 14. Rac1 Re7 15.
Bg5 Qe8 16. Bxf6 Bxf6 17. Nd5 Be5 18. Nbxc7 Rxc7 19. Nxc7 Qc6 20. Nxa8 Qxa8 21.
Qb4 Qa7 22. Kh1 Qc7 23. Rc2 Bb7 24. Qe1 Qe7 25. Rd5 Bxd5 26. cxd5 Qf6 27. b4
axb3 28. axb3 Nxb3 29. Rc6 Qf4 30. g3 Qe3 31. Rc2 Nd4 32. Rd2 Nxf3 33. Rd3 0-1

[Event "34. Kieler Open 2022"]
[Site "Kiel"]
[Date "2022.07.31"]
[Round "4.24"]
[White "Quiring, Nikolai"]
[Black "Herrmann, Arthur"]
[Result "0-1"]
[WhiteElo "1915"]
[BlackElo "1563"]
[PlyCount "57"]
[EventDate "2022.??.??"]

1. d4 Nf6 2. c4 c5 3. d5 b5 4. f3 g6 5. cxb5 d6 6. e4 Bg7 7. Nc3 a6 8. Bc4 O-O
9. Nge2 Nbd7 10. a4 axb5 11. Nxb5 Ne5 12. Qb3 Ba6 13. Nec3 Qa5 14. O-O Qb4 15.
Qxb4 cxb4 16. Be2 bxc3 17. Nxc3 Rfb8 18. Bxa6 Rxa6 19. Rb1 Nc4 20. b3 Nb6 21.
Be3 Nfd7 22. Nb5 Nc5 23. Nd4 Bxd4 24. Bxd4 Nbd7 25. Rfc1 Nxb3 26. Rc7 Nxd4 27.
Rxb8+ Nxb8 28. Rc8+ Kg7 29. Rxb8 0-1

[Event "34. Kieler Open 2022"]
[Site "Kiel"]
[Date "2022.07.31"]
[Round "4.25"]
[White "Sauer, Tim"]
[Black "Papesch, Dennis"]
[Result "1-0"]
[WhiteElo "1731"]
[BlackElo "1910"]
[PlyCount "65"]
[EventDate "2022.??.??"]

1. e4 e5 2. Nf3 Nc6 3. Bc4 Bc5 4. c3 Nf6 5. d3 a6 6. a4 O-O 7. O-O h6 8. Re1
Re8 9. Nbd2 d6 10. Nf1 Be6 11. Bb3 Bb6 12. Be3 Bxe3 13. Nxe3 d5 14. exd5 Nxd5
15. Nc4 f6 16. d4 exd4 17. Nxd4 Nxd4 18. Qxd4 Bf7 19. Rxe8+ Qxe8 20. Na5 Nb6
21. Bxf7+ Qxf7 22. Nxb7 Qb3 23. a5 Qxb2 24. Rd1 Na4 25. Qd5+ Kh8 26. Nc5 Nxc5
27. Qxa8+ Kh7 28. Qf3 Qc2 29. g3 Na4 30. Rd7 Nxc3 31. Qxf6 Qb1+ 32. Kg2 Qe4+
33. Kh3 1-0

[Event "34. Kieler Open 2022"]
[Site "Kiel"]
[Date "2022.07.31"]
[Round "4.26"]
[White "Walther, Joachim"]
[Black "Lehmann, Simon"]
[Result "0-1"]
[WhiteElo "1910"]
[BlackElo "1531"]
[PlyCount "88"]
[EventDate "2022.??.??"]

1. d4 d6 2. Nf3 Nf6 3. c4 g6 4. Nc3 Bg7 5. e4 c5 6. dxc5 Qa5 7. Bd2 Qxc5 8. h3
O-O 9. Be2 Na6 10. Be3 Qa5 11. O-O Bd7 12. Nd4 Nc5 13. f3 Ne6 14. Nb3 Qd8 15.
Qd2 a6 16. a3 Rc8 17. Rac1 b6 18. Kh2 Nc5 19. Nd4 e5 20. Nc2 Nb3 21. Qxd6 Rc6
22. Qd3 Nxc1 23. Rxc1 Be6 24. Nd5 a5 25. Qb3 Nd7 26. Qb5 Bxd5 27. Qxd5 Qc7 28.
Rd1 Nf6 29. Qd2 Re8 30. b4 Bf8 31. Qc3 Rd8 32. Rb1 axb4 33. Nxb4 Bxb4 34. axb4
Nd7 35. Qb3 Nf8 36. b5 Rcd6 37. Bg5 R8d7 38. f4 Rd2 39. Qf3 Ne6 40. Qf1 exf4
41. Bf6 f3+ 42. e5 fxe2 43. Qf3 Rd1 44. Qa8+ Nd8 0-1

[Event "34. Kieler Open 2022"]
[Site "Kiel"]
[Date "2022.07.31"]
[Round "4.27"]
[White "Thielemann, Joachim"]
[Black "Strebel, Michael"]
[Result "1-0"]
[WhiteElo "1697"]
[BlackElo "1909"]
[PlyCount "75"]
[EventDate "2022.??.??"]

1. e4 e6 2. d4 d5 3. Nd2 c5 4. c3 cxd4 5. cxd4 dxe4 6. Nxe4 Nf6 7. Nxf6+ Qxf6
8. Nf3 Bb4+ 9. Bd2 Bxd2+ 10. Qxd2 Bd7 11. Be2 O-O 12. O-O Bc6 13. Rac1 Rd8 14.
Rfd1 Nd7 15. Qe3 Qe7 16. d5 Bxd5 17. Rxd5 Nb6 18. Rxd8+ Rxd8 19. h3 g6 20. Qh6
Nd7 21. Rc7 Qd6 22. Ng5 Qf4 23. Qxh7+ Kf8 24. h4 Ke7 25. Rc4 Qf6 26. Qh6 Qxb2
27. Bf1 Ne5 28. Rc7+ Rd7 29. Rxd7+ Kxd7 30. Ne4 Qxa2 31. Bb5+ Kc7 32. Qc1+ Nc6
33. Nc3 Qa5 34. Qf4+ Kc8 35. Qc4 Qa1+ 36. Kh2 Kd7 37. Qd4+ Ke7 38. Nd5+ 1-0

[Event "34. Kieler Open 2022"]
[Site "Kiel"]
[Date "2022.07.31"]
[Round "4.28"]
[White "Saar, Christian"]
[Black "Shtompel, Yuriy"]
[Result "1/2-1/2"]
[WhiteElo "1648"]
[BlackElo "1897"]
[PlyCount "35"]
[EventDate "2022.??.??"]

1. e4 c5 2. Nf3 d6 3. d4 cxd4 4. Nxd4 Nf6 5. Nc3 a6 6. Be3 e6 7. g4 Nc6 8. g5
Nd7 9. Rg1 Qc7 10. Be2 b5 11. Nxc6 Qxc6 12. a3 Bb7 13. Qd4 e5 14. Qd2 Nb6 15.
Bxb6 Qxb6 16. Nd5 Bxd5 17. Qxd5 Ra7 18. Rg3 1/2-1/2

[Event "34. Kieler Open 2022"]
[Site "Kiel"]
[Date "2022.07.31"]
[Round "4.29"]
[White "Wartenberg, Alissa"]
[Black "Peglau, Charis"]
[Result "0-1"]
[WhiteElo "1632"]
[BlackElo "1870"]
[PlyCount "52"]
[EventDate "2022.??.??"]

1. e4 e6 2. d4 b6 3. c4 Bb7 4. Nc3 Bb4 5. d5 Ne7 6. a3 Bxc3+ 7. bxc3 O-O 8. Nf3
f5 9. Bd3 Na6 10. Be3 f4 11. Bd2 Nc5 12. Qc2 Ng6 13. O-O e5 14. Be2 d6 15. a4
a5 16. Bc1 Nh4 17. Ba3 Nd7 18. Qd1 Ba6 19. Bd3 Nxf3+ 20. Qxf3 Qh4 21. Be2 Nf6
22. h3 Kh8 23. Rfe1 g5 24. Kh2 g4 25. Qd3 f3 26. Bf1 gxh3 0-1

[Event "34. Kieler Open 2022"]
[Site "Kiel"]
[Date "2022.07.31"]
[Round "4.30"]
[White "Sturm, Simon"]
[Black "Kort, Felix"]
[Result "1-0"]
[WhiteElo "1569"]
[BlackElo "1858"]
[PlyCount "135"]
[EventDate "2022.??.??"]

1. c4 e5 2. g3 Nf6 3. Bg2 d5 4. cxd5 Nxd5 5. Nc3 Nb6 6. Nf3 Nc6 7. d3 f6 8. O-O
Be6 9. a3 Qd7 10. Be3 O-O-O 11. b4 Bh3 12. Rc1 Kb8 13. Ne4 Nd5 14. Bc5 Bxg2 15.
Kxg2 Bd6 16. Bxd6 cxd6 17. b5 Nce7 18. Qb3 Rc8 19. a4 f5 20. Ned2 h6 21. Nc4 g5
22. Na5 f4 23. Nc6+ Ka8 24. Nxe7 Nxe7 25. a5 Nf5 26. b6 a6 27. Qd5 Ne7 28. Nxe5
Nxd5 29. Nxd7 Rcd8 30. Nc5 dxc5 31. Rxc5 fxg3 32. hxg3 Nb4 33. f4 Nd5 34. Kf3
gxf4 35. gxf4 Nxf4 36. Rf5 Ne6 37. Kg4 Nd4 38. Re5 Nc6 39. Rh5 Rd4+ 40. Kg3
Rg8+ 41. Kf2 Ra4 42. e4 Rf8+ 43. Kg1 Rg8+ 44. Kf2 Rxa5 45. Rxa5 Nxa5 46. Ke3
Nc6 47. d4 Rg3+ 48. Kf4 Rb3 49. d5 Nb8 50. e5 Rxb6 51. e6 Rd6 52. Ke5 Rd8 53.
e7 Re8 54. Ke6 b5 55. Rf8 Rxe7+ 56. Kxe7 b4 57. Rxb8+ Kxb8 58. d6 Kb7 59. d7
Kb6 60. d8=Q+ Kb5 61. Qd5+ Ka4 62. Qa2+ Kb5 63. Kd6 a5 64. Kd5 h5 65. Qe2+ Ka4
66. Kc4 b3 67. Qb2 h4 68. Qxb3# 1-0

[Event "34. Kieler Open 2022"]
[Site "Kiel"]
[Date "2022.07.31"]
[Round "4.31"]
[White "Salewski, Niko"]
[Black "Dietrich, Leif"]
[Result "0-1"]
[WhiteElo "1496"]
[BlackElo "1857"]
[PlyCount "86"]
[EventDate "2022.??.??"]

1. e4 c5 2. Nf3 d6 3. Bb5+ Nd7 4. O-O a6 5. Bxd7+ Bxd7 6. d3 e6 7. c4 Ne7 8. b3
Nc6 9. Bb2 Rg8 10. d4 cxd4 11. Nxd4 Be7 12. Qh5 Bf6 13. Qxh7 Ne7 14. Qh3 Qc7
15. Qd3 O-O-O 16. Nc3 Kb8 17. Rfc1 Nc6 {(=)} 18. Nxc6+ Bxc6 19. b4 Rh8 20. Nd5
exd5 21. Bxf6 gxf6 22. cxd5 Bb5 23. Qd4 Qe7 24. a4 Bd7 25. b5 Qe5 26. Qb6 Qxh2+
27. Kf1 Qh1+ 28. Ke2 Bg4+ 29. Kd3 Qxg2 30. Re1 Rh3+ 31. Kc4 Rc8+ 32. Kb4 a5+
33. Kxa5 Qh2 34. Rec1 Rhc3 35. Rxc3 Rxc3 36. Ra3 Rc8 37. Rg3 Qh1 38. Qxd6+ Ka7
39. b6+ Ka8 40. Rb3 Qxe4 41. Rb4 Qc2 42. Rxg4 Rc5+ 43. Kb4 Qc3# 0-1

[Event "34. Kieler Open 2022"]
[Site "Kiel"]
[Date "2022.07.31"]
[Round "4.32"]
[White "Menke, Raphael Wilhelm"]
[Black "Serreck, Uwe"]
[Result "1-0"]
[WhiteElo "1459"]
[BlackElo "1847"]
[PlyCount "61"]
[EventDate "2022.??.??"]

1. e4 g6 2. d4 Bg7 3. Nf3 d6 4. Be3 Nf6 5. Nc3 a6 6. Qd2 b5 7. Bd3 Bb7 8. e5
Ng4 9. exd6 Nxe3 10. fxe3 Bxf3 11. dxc7 Qxc7 12. gxf3 Nd7 13. Nd5 Qd6 14. Qb4
Qxb4+ 15. Nxb4 O-O 16. Be4 Ra7 17. Nc6 Rc7 18. Nxe7+ Kh8 19. Nd5 Ra7 20. c3 Re8
21. Kf2 f5 22. Bc2 Nf6 23. Nxf6 Bxf6 24. h4 Rae7 25. Rae1 f4 26. e4 Rc7 27. e5
Be7 28. Bb3 a5 29. a3 b4 30. axb4 axb4 31. c4 1-0

[Event "34. Kieler Open 2022"]
[Site "Kiel"]
[Date "2022.07.31"]
[Round "4.33"]
[White "Vollbehr, Bjarne"]
[Black "Horn, Peter"]
[Result "1/2-1/2"]
[WhiteElo "1654"]
[BlackElo "2132"]
[PlyCount "119"]
[EventDate "2022.??.??"]

1. d4 Nf6 2. c4 c5 3. d5 e5 4. Nc3 d6 5. e4 Be7 6. Be2 Nbd7 7. Be3 h5 8. h3 Nf8
9. Qd2 Ng6 10. Nf3 h4 11. O-O-O Nh5 12. Bf1 a6 13. Kb1 Bd7 14. Qc2 Rb8 15. a4
f6 16. Rg1 Qc8 17. Qb3 Kf7 18. Ne1 Bd8 19. Nc2 Ba5 20. Bd2 b6 21. Na3 Qe8 22.
g4 hxg3 23. fxg3 Bxc3 24. Qxc3 Bxa4 25. b3 Bd7 26. Nc2 b5 27. Ne3 b4 28. Qc2
Ne7 29. Nf5 Nxf5 30. exf5 a5 31. Re1 Qd8 32. Qe4 g5 33. fxg6+ Ke7 34. Be2 Ng7
35. Bg4 a4 36. Rgf1 Ne8 37. Qf3 Bxg4 38. Qxg4 Qd7 39. Qxd7+ Kxd7 40. h4 axb3
41. Rf3 Ke7 42. Rxb3 Ng7 43. Rf3 Ra8 44. Ref1 Raf8 45. g4 Rxh4 46. Bg5 Rxg4 47.
Bxf6+ Ke8 48. Bxg7 Rxf3 49. Rxf3 Rxg6 50. Bf8 Rg4 51. Bxd6 Rxc4 52. Bxe5 Re4
53. Bc7 c4 54. Rf2 Rd4 55. d6 Kd7 56. Kc2 Kc6 57. Re2 Kb5 58. Re8 b3+ 59. Kb2
Rd2+ 60. Kc3 1/2-1/2

[Event "34. Kieler Open 2022"]
[Site "Kiel"]
[Date "2022.07.31"]
[Round "4.34"]
[White "Zielke, Bernd"]
[Black "Wunder, Niklas"]
[Result "0-1"]
[WhiteElo "1648"]
[BlackElo "2079"]
[PlyCount "40"]
[EventDate "2022.??.??"]

1. Nf3 d5 2. d4 Nf6 3. Nbd2 Bf5 4. e3 e6 5. Bd3 Bxd3 6. cxd3 Be7 7. O-O O-O 8.
Qc2 b6 9. b3 c5 10. Bb2 Nc6 11. dxc5 bxc5 12. Rac1 Nb4 13. Qb1 Qb6 14. a3 Nc6
15. Qa2 Rfc8 16. Rc2 a5 17. Rfc1 a4 18. Bc3 axb3 19. Nxb3 c4 20. dxc4 Rxa3 0-1

[Event "34. Kieler Open 2022"]
[Site "Kiel"]
[Date "2022.07.31"]
[Round "4.35"]
[White "Dittmann, Hans-Adolf"]
[Black "Wartenberg, Alexander"]
[Result "1-0"]
[WhiteElo "2063"]
[BlackElo "1623"]
[PlyCount "63"]
[EventDate "2022.??.??"]

1. e4 e5 2. Nf3 Nf6 3. Nc3 Nc6 4. d4 exd4 5. Nxd4 Bb4 6. Nxc6 bxc6 7. Bd3 d5 8.
Bd2 O-O 9. e5 Re8 10. f4 Ng4 11. Qf3 f6 12. O-O-O fxe5 13. h3 e4 14. Nxe4 dxe4
15. Bxe4 Rxe4 16. Qxe4 Nf2 17. Qxc6 Nxd1 18. Rxd1 Bxd2+ 19. Rxd2 Bd7 20. Rxd7
Qe8 21. b3 Rc8 22. Qd5+ Kh8 23. Qd4 Qf8 24. g4 Re8 25. Kb2 Rc8 26. h4 h6 27. f5
Kg8 28. g5 hxg5 29. hxg5 Kh8 30. f6 gxf6 31. Qh4+ Kg8 32. Qh7# 1-0